[Event "World Rapid 2017"]
[Site "Riyadh KSA"]
[Date "2017.12.28"]
[Round "14.44"]
[White "Bortnyk, Olexandr"]
[Black "Dervishi, Erald"]
[Result "1-0"]
[WhiteTitle "GM"]
[BlackTitle "GM"]
[WhiteElo "2610"]
[BlackElo "2552"]
[WhiteFideId "14120828"]
[BlackFideId "4700236"]
[EventDate "2017.12.26"]

1. d4 Nf6 2. Nc3 d5 3. Bf4 c6 4. e3 Nbd7 5. Bd3 g6 6. h4 Bg7 7. h5 Nxh5 8. Rxh5
gxh5 9. Qxh5 Nf6 10. Qh2 Bg4 11. Nf3 Bh5 12. Nh4 e6 13. f3 Bg6 14. O-O-O Bxd3
15. Rxd3 Nd7 16. g4 h5 17. g5 f6 18. Ng6 Rh7 19. Bc7 Qc8 20. Qd6 Kf7 21. Ne7 Qf8
22. Qxd7 fxg5 23. Nexd5+ Kg8 24. Ne7+ Kf7 25. Nxc6+ Kg8 26. Ne7+ Kf7 27. Ne4 Bh6
28. Nf5+ Kg8 29. Qxe6+ 1-0

[Event "World Rapid 2017"]
[Site "Riyadh KSA"]
[Date "2017.12.28"]
[Round "14.45"]
[White "Ni, Hua"]
[Black "Bosiocic, Marin"]
[Result "1-0"]
[WhiteTitle "GM"]
[BlackTitle "GM"]
[WhiteElo "2671"]
[BlackElo "2624"]
[WhiteFideId "8601160"]
[BlackFideId "14507927"]
[EventDate "2017.12.26"]

1. e4 e5 2. Nf3 Nc6 3. Bb5 Nf6 4. O-O Nxe4 5. d4 Nd6 6. Bxc6 dxc6 7. dxe5 Nf5 8.
Qxd8+ Kxd8 9. h3 Ke8 10. Nc3 h5 11. Ne2 Be6 12. Nf4 Bd5 13. Nxd5 cxd5 14. Bg5
Be7 15. Rad1 c6 16. Rd3 f6 17. Bf4 Kf7 18. Re1 Rae8 19. Bh2 Bc5 20. a4 Re7 21.
Kf1 Rhe8 22. c3 a6 23. b4 Ba7 24. exf6 Rxe1+ 25. Nxe1 gxf6 26. g4 hxg4 27. hxg4
Ng7 28. Rf3 Ne6 29. Be5 Rg8 30. Rxf6+ Ke7 31. Rh6 Kd7 32. Rh7+ Kc8 33. f3 Bb6
34. Kg2 Rf8 35. Nd3 Be3 36. Re7 Ng5 37. f4 Ne4 38. Rc7+ Kd8 39. Rxb7 Re8 40. Kf3
Bd2 41. Nc5 Nxc3 42. Rd7+ Kc8 43. Rc7+ 1-0

[Event "World Rapid 2017"]
[Site "Riyadh KSA"]
[Date "2017.12.28"]
[Round "14.46"]
[White "Christiansen, Johan-Sebastian"]
[Black "Eljanov, Pavel"]
[Result "0-1"]
[WhiteTitle "IM"]
[BlackTitle "GM"]
[WhiteElo "2495"]
[BlackElo "2711"]
[WhiteFideId "1512668"]
[BlackFideId "14102951"]
[EventDate "2017.12.26"]

1. e4 c6 2. d4 d5 3. Nd2 dxe4 4. Nxe4 Bf5 5. Ng3 Bg6 6. h4 h6 7. Nh3 Nf6 8. Nf4
Bh7 9. Bc4 e6 10. O-O Bd6 11. Nxe6 fxe6 12. Bxe6 Qc7 13. Re1 Nbd7 14. Bh3+ Kd8
15. Nf5 Bxf5 16. Bxf5 Bh2+ 17. Kh1 Bf4 18. Qf3 Bxc1 19. Raxc1 g5 20. g3 gxh4 21.
gxh4 Qd6 22. c4 Qxd4 23. Qh3 Kc7 24. Rcd1 Qf4 25. Bxd7 Ne4 26. Re2 Rad8 27. Kg1
Rhg8+ 28. Kf1 Ng3+ 29. Ke1 Nxe2 30. Kxe2 Rg7 31. Be6 Rxd1 32. Kxd1 Qxf2 0-1

[Event "World Rapid 2017"]
[Site "Riyadh KSA"]
[Date "2017.12.28"]
[Round "14.47"]
[White "Van Foreest, Jorden"]
[Black "Kovalev, Vladislav"]
[Result "0-1"]
[WhiteTitle "GM"]
[BlackTitle "GM"]
[WhiteElo "2629"]
[BlackElo "2639"]
[WhiteFideId "1039784"]
[BlackFideId "13504398"]
[EventDate "2017.12.26"]

1. e4 e5 2. Nf3 Nc6 3. Nc3 Nf6 4. Be2 d5 5. exd5 Nxd5 6. O-O Nxc3 7. bxc3 Bd6 8.
d4 O-O 9. Re1 h6 10. d5 Ne7 11. c4 Ng6 12. Bb2 Qf6 13. Bd3 Bg4 14. Bxg6 fxg6 15.
Re3 Bc5 16. Rb3 Qf4 17. Qf1 e4 18. Nd4 Rae8 19. Re1 Qf6 20. c3 b6 21. Re3 a5 22.
Ba1 Bc8 23. Rb1 Ba6 24. Rb2 g5 25. Rd2 g4 26. Qe2 h5 27. h3 gxh3 28. Rxh3 h4 29.
Bb2 Bc8 30. Rh1 e3 31. fxe3 Rxe3 32. Qd1 Bg4 33. Qc1 Qe5 0-1

[Event "World Rapid 2017"]
[Site "Riyadh KSA"]
[Date "2017.12.28"]
[Round "14.48"]
[White "Ivanchuk, Vassily"]
[Black "Halkias, Stelios"]
[Result "0-1"]
[WhiteTitle "GM"]
[BlackTitle "GM"]
[WhiteElo "2726"]
[BlackElo "2571"]
[WhiteFideId "14100010"]
[BlackFideId "4201809"]
[EventDate "2017.12.26"]

1. Nf3 Nf6 2. c4 e6 3. g3 d5 4. Bg2 dxc4 5. Qa4+ Bd7 6. Qxc4 c5 7. Ne5 Qc8 8.
Qd3 Nc6 9. Nxd7 Qxd7 10. Qxd7+ Kxd7 11. Nc3 Be7 12. b3 Rac8 13. Bb2 Rhd8 14. e3
Nb4 15. Ke2 Kc7 16. Nb5+ Kb6 17. Na3 Ka6 18. Nc4 Nd3 19. Bc3 b5 20. Ne5 c4 21.
bxc4 b4 22. Nxd3 bxc3 23. dxc3 Rxc4 24. Rhc1 Rdc8 25. Rab1 R8c7 26. Ne5 Ra4 27.
Rc2 Bd6 28. Bf1 Ka5 29. Kf3 a6 30. Nd3 Ba3 31. Rb3 Nd7 32. Kg2 Nc5 33. Ne5 Nxb3
34. axb3 Bd6 35. Nxf7 Rxf7 36. bxa4 Rc7 37. f4 Rc6 38. Kf3 Kxa4 39. Ra2+ Ba3 40.
Rd2 a5 41. Rd7 Rxc3 42. Rxg7 Bc5 43. Rxh7 Rxe3+ 44. Kg4 Kb3 45. Rb7+ Bb4 46. Rc7
a4 47. Bc4+ Kb2 48. Rc6 Rc3 49. h4 a3 50. h5 a2 0-1

[Event "World Rapid 2017"]
[Site "Riyadh KSA"]
[Date "2017.12.28"]
[Round "14.49"]
[White "Inarkiev, Ernesto"]
[Black "Tregubov, Pavel V."]
[Result "0-1"]
[WhiteTitle "GM"]
[BlackTitle "GM"]
[WhiteElo "2689"]
[BlackElo "2575"]
[WhiteFideId "4162722"]
[BlackFideId "4115341"]
[EventDate "2017.12.26"]

1. d4 Nf6 2. c4 e6 3. Nf3 c5 4. d5 b5 5. dxe6 fxe6 6. cxb5 a6 7. bxa6 Bxa6 8. g3
Nc6 9. Bg2 Be7 10. O-O O-O 11. Nc3 Qe8 12. Re1 d5 13. Bh3 Bd8 14. Ng5 Bc8 15. e4
d4 16. e5 dxc3 17. exf6 Bxf6 18. bxc3 Qg6 19. Bxe6+ Kh8 20. Qd5 Bxg5 21. Bxg5
Bb7 22. Be3 Nd8 23. Qd7 Qe4 24. Kf1 Nxe6 25. Bd4 Qg2+ 26. Ke2 cxd4 0-1

[Event "World Rapid 2017"]
[Site "Riyadh KSA"]
[Date "2017.12.28"]
[Round "14.50"]
[White "Omar, Noaman"]
[Black "Khismatullin, Denis"]
[Result "0-1"]
[WhiteTitle "IM"]
[BlackTitle "GM"]
[WhiteElo "2364"]
[BlackElo "2632"]
[WhiteFideId "9300244"]
[BlackFideId "4142578"]
[EventDate "2017.12.26"]

1. d4 Nf6 2. c4 e6 3. Nf3 d5 4. Nc3 Nbd7 5. cxd5 exd5 6. Bg5 c6 7. e3 h6 8. Bh4
g5 9. Bg3 Nh5 10. Bd3 Nxg3 11. hxg3 Bg7 12. Rc1 Nb6 13. O-O Be6 14. Nd2 O-O 15.
f4 Qe7 16. Kh2 Rae8 17. Qh5 Nd7 18. f5 Nf6 19. Qf3 Bc8 20. Rce1 Qd6 21. e4 dxe4
22. Ndxe4 Qxd4 23. Nxf6+ Bxf6 24. Bc2 g4 25. Qf4 Qxf4 26. gxf4 Kg7 27. Kg3 h5
28. Rh1 Rxe1 29. Rxe1 Rd8 30. Re2 b5 31. Be4 b4 32. Na4 Rd1 0-1

[Event "World Rapid 2017"]
[Site "Riyadh KSA"]
[Date "2017.12.28"]
[Round "14.51"]
[White "Amin, Bassem"]
[Black "Al Ghamdi, Ahmed M"]
[Result "1-0"]
[WhiteTitle "GM"]
[BlackTitle "CM"]
[WhiteElo "2689"]
[BlackElo "2159"]
[WhiteFideId "10601457"]
[BlackFideId "21500150"]
[EventDate "2017.12.26"]

1. e4 e5 2. Nf3 Nc6 3. Bb5 a6 4. Ba4 d6 5. O-O Bg4 6. c3 Qf6 7. d3 Bxf3 8. Qxf3
Qxf3 9. gxf3 g6 10. f4 Bh6 11. Bxc6+ bxc6 12. fxe5 Bxc1 13. Rxc1 dxe5 14. Na3
O-O-O 15. Nc4 f6 16. Rd1 c5 17. a3 Ne7 18. b4 cxb4 19. axb4 Kb7 20. Na5+ Kb6 21.
Nb3 Ra8 22. Kf1 Rhd8 23. Ke2 Nc6 24. Rd2 Na7 25. Rda2 Nb5 26. Kd2 c6 27. Nc5 Nc7
28. h4 Rd6 29. f3 Rad8 30. Rxa6+ Nxa6 31. Rxa6+ Kb5 32. Kc2 R8d7 1-0

[Event "World Rapid 2017"]
[Site "Riyadh KSA"]
[Date "2017.12.28"]
[Round "14.52"]
[White "Socko, Bartosz"]
[Black "Sanal, Vahap"]
[Result "1-0"]
[WhiteTitle "GM"]
[BlackTitle "GM"]
[WhiteElo "2593"]
[BlackElo "2551"]
[WhiteFideId "1107038"]
[BlackFideId "6300545"]
[EventDate "2017.12.26"]

1. d4 Nf6 2. c4 g6 3. Nf3 Bg7 4. g3 O-O 5. Bg2 d6 6. O-O Nc6 7. Nc3 a6 8. Qc2
Rb8 9. Rd1 Bd7 10. e4 e5 11. d5 Ne7 12. c5 Ne8 13. b4 h6 14. a4 f5 15. Ba3 f4
16. b5 g5 17. b6 cxb6 18. cxd6 Nc8 19. gxf4 gxf4 20. Qb3 Nexd6 21. Kh1 Qf6 22.
Rg1 Kh7 23. Bf1 Rf7 24. Bd3 h5 25. Ng5+ Kh6 26. Nxf7+ Nxf7 27. f3 Ng5 28. Be2
Kh7 29. d6 Nh3 30. Rg2 Nxd6 31. Bxd6 Qxd6 32. Qf7 Rg8 33. Rd1 1-0

[Event "World Rapid 2017"]
[Site "Riyadh KSA"]
[Date "2017.12.28"]
[Round "14.53"]
[White "Minko, Vladimir"]
[Black "Naiditsch, Arkadij"]
[Result "1-0"]
[WhiteTitle "IM"]
[BlackTitle "GM"]
[WhiteElo "2381"]
[BlackElo "2705"]
[WhiteFideId "24146706"]
[BlackFideId "4650891"]
[EventDate "2017.12.26"]

1. d4 Nf6 2. c4 g6 3. Nf3 Bg7 4. g3 O-O 5. Bg2 d6 6. Nc3 Nbd7 7. O-O e5 8. h3
Re8 9. e4 exd4 10. Nxd4 Nc5 11. Re1 Bd7 12. Bf4 h6 13. g4 h5 14. f3 hxg4 15.
hxg4 Nh7 16. Qd2 Nf8 17. Rad1 Nfe6 18. Be3 Qh4 19. Nd5 Be5 20. f4 Bg7 21. f5
Nxd4 22. Bxd4 Rac8 23. b4 Na6 24. g5 Ba4 25. f6 Bf8 26. Rc1 c5 27. Ba1 Nxb4 28.
Ne7+ Bxe7 29. fxe7 Nc6 30. Bf6 Nd4 31. Re3 Bd7 32. Rcc3 Rc6 33. Qf2 Qxf2+ 34.
Kxf2 Ne6 35. Rh3 Ng7 36. Rh6 Ra6 37. a3 Bg4 38. Bh3 Be6 39. Bxe6 fxe6 40. Rch3
Nh5 41. Rxg6+ Kf7 42. Rh6 1-0

[Event "World Rapid 2017"]
[Site "Riyadh KSA"]
[Date "2017.12.28"]
[Round "14.54"]
[White "Andriasian, Zaven"]
[Black "Al Jabri, Mohammed Ali"]
[Result "1-0"]
[WhiteTitle "GM"]
[WhiteElo "2585"]
[BlackElo "2154"]
[WhiteFideId "13302000"]
[BlackFideId "7604734"]
[EventDate "2017.12.26"]

1. e4 c5 2. Nf3 e6 3. d4 cxd4 4. Nxd4 a6 5. Bd3 Nf6 6. O-O Qc7 7. Qe2 d6 8. c4
Be7 9. b3 O-O 10. Bb2 Nbd7 11. Nd2 b6 12. Rae1 Rd8 13. f4 e5 14. Nf5 Bf8 15. Kh1
exf4 16. Rxf4 Ne5 17. Ref1 Be6 18. Bb1 Re8 19. Ng3 Bg4 20. Qf2 Qe7 21. Qxb6 Qa7
22. Qxa7 Rxa7 23. h3 Bd7 24. R4f2 Bc6 25. Nf3 a5 26. Nd4 Bd7 27. a4 Rb7 28. Nb5
Bc6 29. Bc3 Ned7 30. Rf4 Nc5 31. Bxf6 gxf6 32. Nh5 Nd7 33. Rxf6 Bxe4 34. Bxe4
Rxe4 35. Rxf7 Re6 36. Nd4 Re7 37. R7f3 Rb8 38. Nc6 1-0

[Event "World Rapid 2017"]
[Site "Riyadh KSA"]
[Date "2017.12.28"]
[Round "14.55"]
[White "Dzhumagaliev, Yan"]
[Black "Abdyjapar, Asyl"]
[Result "1-0"]
[WhiteTitle "FM"]
[BlackTitle "IM"]
[WhiteElo "2400"]
[BlackElo "2382"]
[WhiteFideId "24100110"]
[BlackFideId "13800337"]
[EventDate "2017.12.26"]

1. d4 Nf6 2. c4 e6 3. g3 c5 4. d5 exd5 5. cxd5 d6 6. Bg2 g6 7. Nc3 a6 8. Nf3 Bg7
9. O-O O-O 10. a4 Re8 11. Bf4 Ne4 12. Rc1 Nxc3 13. bxc3 b5 14. Nd2 g5 15. Be3
Bf5 16. Nf3 h6 17. h4 g4 18. Nh2 Nd7 19. Bf4 Ne5 20. e4 Bd7 21. f3 gxf3 22. Nxf3
Bg4 23. Qd2 Nc4 24. Qc2 bxa4 25. Qxa4 Rxe4 26. Nh2 Bd7 27. Qa2 Rxf4 28. Rxf4 Ne5
29. Bf1 a5 30. Nf3 Ng6 31. Re4 a4 32. Re3 Qa5 33. Bd3 Nf8 34. Nd2 c4 35. Nxc4
Qc5 36. Qa3 Qxd5 37. Be4 Qxc4 38. Bxa8 d5 39. Rd1 Be6 40. Qb4 Qa6 41. Bxd5 Qa7
42. Kf2 a3 43. Qb7 Qc5 44. Qc6 Qa7 45. Ke2 Bg4+ 46. Bf3 Bd7 47. Qb7 Qa4 48. Qb4
Bb5+ 49. Kf2 Qc2+ 50. Ke1 a2 51. Qxb5 Bxc3+ 52. Kf1 Qxd1+ 53. Bxd1 a1=Q 54. Qd3
Bd4 55. Rf3 Ng6 56. Qe2 Ne5 57. Rb3 Qa8 58. Qg2 Qa6+ 59. Ke1 Nd3+ 60. Kd2 Nc5
61. Rb8+ Kg7 62. Qf3 Qd6 63. Re8 Qd7 64. Qg4+ Qxg4 65. Bxg4 Bf2 66. Ke2 Bxg3 67.
h5 Bh4 68. Re5 Nb7 69. Rd5 Nd8 70. Kf3 Bg5 71. Ke4 Kf8 72. Re5 Nc6 73. Rc5 Ne7
74. Rc7 Kg7 75. Rb7 Bf6 76. Be2 Bg5 77. Bc4 Bf6 78. Rb3 Kf8 79. Rf3 Kg7 80. Rf1
Nc6 81. Bd5 Nd8 82. Kf5 Bg5 83. Re1 Kf8 84. Re4 Be7 85. Ra4 Bg5 86. Ra7 Be7 87.
Ke5 Bg5 88. Kd6 Bf6 89. Kd7 Bh4 90. Ra6 Bg5 91. Ra2 Be7 92. Rf2 Bg5 93. Bxf7
Nxf7 94. Ke6 Kg7 95. Rxf7+ Kg8 96. Rb7 Bh4 97. Kf5 Bg5 98. Kg6 Kf8 99. Rf7+ Ke8
100. Rh7 Be3 101. Kf6 Bg5+ 102. Ke6 Kf8 103. Rf7+ Kg8 104. Rd7 Kf8 105. Kf5 Kg8
106. Kg6 Kf8 107. Rf7+ Ke8 108. Rf1 Ke7 109. Kg7 Ke6 110. Rf7 Kd6 111. Rf5 Be3
112. Kf6 Bd4+ 113. Kf7 Be3 114. Rf6+ Kd7 115. Re6 Bg5 116. Re1 Bf4 117. Rd1+ Kc6
118. Kg6 Bg5 119. Rd3 Kc7 120. Rd5 Be3 121. Kh7 Bg5 122. Kg7 Be3 123. Rd3 Bg5
124. Rg3 Bf4 125. Rg6 Kd7 126. Rxh6 Bxh6+ 127. Kxh6 Ke7 128. Kg7 1-0

[Event "World Rapid 2017"]
[Site "Riyadh KSA"]
[Date "2017.12.28"]
[Round "14.56"]
[White "Khenkin, Igor"]
[Black "Al-Hajiri, Bader"]
[Result "1-0"]
[WhiteTitle "GM"]
[BlackTitle "FM"]
[WhiteElo "2554"]
[BlackElo "2165"]
[WhiteFideId "4659600"]
[BlackFideId "10300163"]
[EventDate "2017.12.26"]

1. d4 d5 2. c4 e6 3. Nf3 Nf6 4. Nc3 c6 5. Bg5 dxc4 6. e4 b5 7. e5 h6 8. Bh4 g5
9. Nxg5 hxg5 10. Bxg5 Nbd7 11. g3 Qb6 12. exf6 Bb7 13. Bg2 c5 14. d5 O-O-O 15.
O-O b4 16. Na4 Qa6 17. a3 Nb6 18. axb4 Bxd5 19. Nc3 Qb7 20. Nxd5 exd5 21. bxc5
Bxc5 22. Ra5 Bb4 23. Rb5 Bf8 24. Be3 Qa6 25. Bxb6 Qxb5 26. Bxd8 Kxd8 27. Qxd5+
Qxd5 28. Bxd5 Rh6 29. Bxf7 Rxf6 30. Bxc4 Bc5 31. Kg2 Rd6 32. h4 Rd2 33. b3 Ke7
34. Re1+ Kf6 35. Re2 1-0

[Event "World Rapid 2017"]
[Site "Riyadh KSA"]
[Date "2017.12.28"]
[Round "14.57"]
[White "Lodhi, Mahmood"]
[Black "Al-Saffar, Araz Basim Mohammed S"]
[Result "1/2-1/2"]
[WhiteTitle "IM"]
[BlackTitle "IM"]
[WhiteElo "2347"]
[BlackElo "2368"]
[WhiteFideId "7800010"]
[BlackFideId "4801040"]
[EventDate "2017.12.26"]

1. d4 e6 2. Nf3 c5 3. g3 b6 4. Bg2 Bb7 5. e3 Nf6 6. O-O Be7 7. c4 cxd4 8. exd4
d5 9. Ne5 O-O 10. Nc3 Nc6 11. cxd5 Nxd5 12. Nxd5 exd5 13. Be3 Rc8 14. f4 f6 15.
Nd3 Re8 16. Bh3 Rc7 17. Be6+ Kh8 18. Bf7 Rf8 19. Qh5 h6 20. Be6 Qe8 21. Qxe8
Rxe8 22. f5 Nd8 23. Nf4 Nxe6 24. Nxe6 Rc2 25. Rf2 Rec8 26. Rxc2 Rxc2 27. Rc1
Rxc1+ 28. Bxc1 Bc8 29. Bf4 Bxe6 30. fxe6 Kg8 31. Kf2 Kf8 32. Kf3 Ke8 33. Kg4 g6
34. Bxh6 f5+ 35. Kf3 Bf6 36. Ke3 Ke7 37. a4 a6 38. h4 Kxe6 39. Bf4 Bg7 40. Kd3
Kd7 41. Be5 Bh6 42. Ke2 Bc1 43. b3 b5 44. axb5 axb5 45. Kf3 Ke6 46. Ke2 Bh6 47.
Kd3 Kd7 48. Kc3 Bf8 49. Kd3 Ke6 50. Ke2 Bh6 51. Kf3 Bd2 52. Kg2 Kf7 53. Kh3 Ke6
54. Kg2 Kf7 55. Kf3 Ke6 56. Bf4 Bc3 57. Be3 Bb4 58. Bf4 Bc3 59. Ke3 Bb2 60. Kd3
Ba3 61. Ke2 Bb2 62. Be3 Ba3 63. Kf3 Kf6 64. g4 Bb4 65. Bf4 Be1 66. g5+ Ke6 67.
Bg3 Bc3 68. Be5 Be1 69. h5 gxh5 70. g6 Bd2 71. Kg3 Bg5 72. Kf3 Ke7 73. Kg3 Kf8
74. Kf3 h4 75. Kg2 f4 76. Bh8 Bh6 77. Be5 Kg8 78. Bf6 Bg7 79. Bxh4 Bxd4 80. Kf3
Be5 81. Bg5 Kg7 82. Bxf4 Bf6 83. Ke3 Kxg6 84. Kd3 Kf5 85. Be3 Bb2 86. Bg1 Ke5
87. Bh2+ Ke6 88. Bg1 Kd6 89. Bf2 Kc6 90. Bg1 Ba3 91. Bd4 Bc5 92. Be5 Kb6 93. Bc3
Kc6 94. Be5 Kd7 95. Bh2 Ke6 96. Bf4 Kf5 97. Bd2 Kg4 98. Bc3 Kf5 99. Be1 Bb6 100.
Bc3 1/2-1/2

[Event "World Rapid 2017"]
[Site "Riyadh KSA"]
[Date "2017.12.28"]
[Round "14.58"]
[White "Tissir, Mohamed"]
[Black "Saeed, Ishaq"]
[Result "1/2-1/2"]
[WhiteTitle "IM"]
[BlackTitle "FM"]
[WhiteElo "2381"]
[BlackElo "2434"]
[WhiteFideId "9000240"]
[BlackFideId "9301453"]
[EventDate "2017.12.26"]

1. e4 e5 2. Nf3 Nc6 3. Bc4 Bc5 4. c3 Nf6 5. d3 d6 6. Bb3 a6 7. Nbd2 O-O 8. Nf1
Ng4 9. d4 exd4 10. cxd4 Bb4+ 11. Bd2 Qe8 12. Ng3 Nf6 13. Bxb4 Nxe4 14. O-O Nxg3
15. Re1 Qd8 16. Bd2 Nf5 17. Bg5 Qd7 18. Ba4 h6 19. d5 hxg5 20. dxc6 Qd8 21. Qd2
g4 22. Ng5 Qf6 23. Rad1 bxc6 24. Bxc6 Rb8 25. b3 Bb7 26. Ne4 Qg6 27. Bxb7 Rxb7
28. Qd3 Rb6 29. Nc3 c6 30. Re4 Qg5 31. Qe2 Qf6 32. Na4 Rb5 33. Rxg4 Re5 34. Re4
Rfe8 35. Rxe5 Rxe5 36. Qxa6 Nd4 37. Nc3 c5 38. Qc8+ Kh7 39. Qh3+ Kg8 40. Qd3 g6
41. h3 d5 42. Rf1 Rg5 43. f4 Rf5 44. g4 Rxf4 45. Nxd5 Rxf1+ 46. Qxf1 Qe5 47. Qg2
Qe1+ 48. Kh2 Qe5+ 49. Kg1 Ne2+ 50. Kf2 Qb2 51. Ke1 Qe5 52. Qxe2 Qxd5 53. Kf2
Qd4+ 54. Kg3 Qc3+ 55. Kg2 Kg7 56. g5 Qd4 57. Qf3 Qb2+ 58. Qf2 Qb1 59. a4 Qxb3
60. Qxc5 Qxa4 1/2-1/2

[Event "World Rapid 2017"]
[Site "Riyadh KSA"]
[Date "2017.12.28"]
[Round "14.59"]
[White "Bukannan, Ahmed A"]
[Black "Al Zamel, Khaled"]
[Result "1-0"]
[WhiteElo "1929"]
[BlackElo "1942"]
[WhiteFideId "21504164"]
[BlackFideId "21500967"]
[EventDate "2017.12.26"]

1. d4 c6 2. c4 d6 3. Nc3 Qc7 4. Nf3 Bg4 5. e3 Nf6 6. h3 Bh5 7. Be2 Nbd7 8. O-O
e5 9. e4 Bg6 10. Bd3 Be7 11. d5 Nc5 12. Re1 Nxd3 13. Qxd3 O-O 14. Be3 Nd7 15.
Rad1 f5 16. exf5 Rxf5 17. Qe2 Raf8 18. Nd2 Nc5 19. Bxc5 dxc5 20. Nde4 Bd6 21.
dxc6 Rf4 22. f3 Bxe4 23. Nxe4 Rd8 24. Nxd6 Rxd6 25. Qxe5 Rxc6 26. Qxc7 Rxc7 27.
b3 Kf7 28. Kf2 Rf6 29. Rd5 Ra6 30. Re2 Rf6 31. h4 b6 32. g4 h6 33. Kg3 Kg8 34.
Rd8+ Kh7 35. Ree8 Rcf7 36. Rh8+ Kg6 37. h5+ Kg5 38. Rd5+ Rf5 39. f4+ Kf6 40.
Rxf5+ Ke6 41. Rxf7 Kxf7 42. Ra8 1-0

[Event "World Rapid 2017"]
[Site "Riyadh KSA"]
[Date "2017.12.28"]
[Round "14.60"]
[White "Dobrov, Vladimir"]
[Black "Al Saidi, Mohammed Khalfan"]
[Result "1-0"]
[WhiteTitle "GM"]
[WhiteElo "2515"]
[BlackElo "1468"]
[WhiteFideId "4136594"]
[BlackFideId "22001271"]
[EventDate "2017.12.26"]

1. e4 c5 2. a3 Nc6 3. b4 b6 4. f4 d5 5. d4 cxd4 6. e5 Bf5 7. Nf3 a6 8. Nbd2 e6
9. b5 axb5 10. Bxb5 Ne7 11. Nxd4 Qc7 12. c4 Bd3 13. Qf3 Be4 14. Nxe4 dxe4 15.
Qxe4 Rc8 16. a4 Kd8 17. Ba3 Na5 18. Nxe6+ fxe6 19. Rd1+ Nd5 20. Rxd5+ exd5 21.
Qxd5+ Bd6 22. Bxd6 Qb7 23. Bc7+ Ke7 24. Qd7+ Kf8 25. Bd6+ Kg8 26. Qe6+ 1-0

[Event "World Rapid 2017"]
[Site "Riyadh KSA"]
[Date "2017.12.28"]
[Round "14.61"]
[White "Khader, Sami"]
[Black "Amer, Said Salim Al Maashani"]
[Result "1-0"]
[WhiteTitle "IM"]
[BlackTitle "FM"]
[WhiteElo "2392"]
[BlackElo "2103"]
[WhiteFideId "8100500"]
[BlackFideId "22000100"]
[EventDate "2017.12.26"]

1. e4 c5 2. Nf3 Nc6 3. c3 d5 4. exd5 Qxd5 5. d4 Nf6 6. Be3 cxd4 7. cxd4 e6 8.
Nc3 Qa5 9. Bd3 Be7 10. O-O O-O 11. a3 Nd5 12. Bd2 Qd8 13. Ne4 b6 14. Qc2 Bb7 15.
Neg5 g6 16. Ne4 Rc8 17. Qa4 Nf6 18. Nc3 Na5 19. Ne5 a6 20. Be3 b5 21. Qd1 Nc4
22. Qe2 Qc7 23. Bf4 Qb6 24. Rad1 Nxa3 25. Bg5 Rfd8 26. Ne4 Bxe4 27. Bxe4 Nc4 28.
Ng4 Nxg4 29. Bxe7 Rd7 30. Bc5 Qc7 31. Qxg4 f5 32. Qh3 fxe4 33. Qxe6+ Rf7 34.
Qxe4 Nxb2 35. Rde1 Na4 36. Ba3 Qd7 37. Rc1 Re8 38. Qd3 Nb6 39. Rfe1 Rxe1+ 40.
Rxe1 Nd5 41. g3 Kg7 42. Qe4 Qf5 43. Qe5+ Qxe5 44. dxe5 b4 45. Bb2 Re7 46. e6+
Kf8 47. Bd4 Rc7 48. Be5 Rc6 49. Rd1 Nc3 50. Bd6+ Ke8 51. Rd3 a5 52. f4 Ne4 53.
Be5 Rxe6 54. Kg2 Nc5 55. Rd5 Rc6 56. Bd4 b3 57. Re5+ Kf7 58. Bxc5 b2 59. Re7+
Kf6 60. Rb7 Rxc5 61. Rxb2 a4 62. Rb6+ Kf5 63. Ra6 Rc4 64. Kf3 Rc3+ 65. Kf2 a3
66. Ra4 Rc2+ 67. Kf3 Rc3+ 68. Kg2 Rc2+ 69. Kf3 a2 70. g4+ Kf6 71. Ra6+ Kf7 72.
h4 Rb2 73. Ke4 Ke7 74. f5 gxf5+ 75. gxf5 Rb4+ 76. Ke5 Rxh4 77. Rxa2 Rh6 78. Ra7+
Ke8 79. Rb7 Kf8 80. Rb8+ Kf7 81. Ra8 Rh1 82. Ra7+ Ke8 83. Ke6 Re1+ 84. Kf6 Rh1
85. Re7+ Kf8 86. Rf7+ Ke8 87. Re7+ Kf8 88. Ra7 Rh6+ 89. Ke5 Ke8 90. Ra8+ Kf7 91.
Rb8 Rh1 92. Rb7+ Ke8 93. Ke6 Kf8 94. Rb8+ Kg7 95. f6+ Kh6 96. f7 Re1+ 97. Kd5
Rd1+ 98. Ke4 Re1+ 1-0

[Event "World Rapid 2017"]
[Site "Riyadh KSA"]
[Date "2017.12.28"]
[Round "14.62"]
[White "Masrahi, Abdulrahman A"]
[Black "Alanazy, Mohammed"]
[Result "1-0"]
[WhiteTitle "CM"]
[WhiteElo "1962"]
[BlackElo "1850"]
[WhiteFideId "21501564"]
[BlackFideId "21508488"]
[EventDate "2017.12.26"]

1. d4 d5 2. Bf4 c6 3. e3 Nf6 4. Nf3 Bf5 5. c4 e6 6. Qb3 Qb6 7. Nc3 Nbd7 8. c5
Qxb3 9. axb3 Nh5 10. Bg3 Nxg3 11. hxg3 Be7 12. b4 O-O 13. b5 Bf6 14. bxc6 bxc6
15. Nh4 Bxh4 16. gxh4 a5 17. Kd2 e5 18. Be2 f6 19. Ra2 Be6 20. Rha1 exd4 21.
exd4 Nxc5 22. dxc5 d4 23. Rxa5 dxc3+ 24. Kxc3 Rxa5 25. Rxa5 g5 26. Bf3 Rc8 27.
Ra6 Bd7 28. Ra7 Be8 29. g3 h5 30. Be4 Bf7 31. b4 Re8 32. Bxc6 Re2 33. b5 Rxf2
34. b6 gxh4 35. gxh4 Rf4 36. Rxf7 Kxf7 37. b7 Rxh4 38. b8=Q Rg4 39. Bf3 Rg5 40.
Qc7+ Ke6 41. Qd6+ Kf5 42. c6 1-0

[Event "World Rapid 2017"]
[Site "Riyadh KSA"]
[Date "2017.12.28"]
[Round "14.63"]
[White "Alem, Ali Hussien"]
[Black "Al Abdali, Zeyad Saleh"]
[Result "0-1"]
[WhiteElo "1745"]
[BlackElo "1801"]
[WhiteFideId "21500088"]
[BlackFideId "21501505"]
[EventDate "2017.12.26"]

1. e4 e5 2. Nf3 Nc6 3. Bb5 Bc5 4. O-O d6 5. c3 Bd7 6. d4 exd4 7. cxd4 Bb6 8. Nc3
a6 9. Bc4 Nge7 10. Bg5 h6 11. Be3 Bg4 12. h3 Bh5 13. g4 Bg6 14. Nh4 Qd7 15. a3
h5 16. Nf5 O-O-O 17. b4 hxg4 18. hxg4 Rh7 19. b5 Na5 20. Be2 axb5 21. Bxb5 c6
22. Qc2 Kb8 23. Ba4 Rdh8 24. Bf4 Bxf5 25. gxf5 Bxd4 26. Qd2 Nxf5 27. exf5 Qxf5
28. Bxd6+ Ka8 29. Qxd4 Rh1+ 30. Kg2 Qh3# 0-1

[Event "World Rapid 2017"]
[Site "Riyadh KSA"]
[Date "2017.12.28"]
[Round "14.64"]
[White "Miswadah, Baha"]
[Black "Al Juhani, Bakr"]
[Result "1-0"]
[WhiteElo "1877"]
[BlackElo "1854"]
[WhiteFideId "11502118"]
[BlackFideId "21500185"]
[EventDate "2017.12.26"]

1. e4 c5 2. Nf3 d6 3. d4 cxd4 4. Nxd4 g6 5. Nc3 Nf6 6. f3 a6 7. Be3 b5 8. Qd2
Bb7 9. a3 Nbd7 10. g4 h6 11. h4 Rc8 12. O-O-O Nc5 13. Kb1 Nfd7 14. Be2 Bg7 15.
h5 g5 16. Nf5 Be5 17. Rhf1 Ne6 18. Nd5 Bxd5 19. exd5 Nf4 20. Bd3 Nc5 21. Bxc5
Rxc5 22. Be4 Qb6 23. c3 a5 24. Nd4 b4 25. cxb4 axb4 26. axb4 Rc8 27. Nc6 Ra8 28.
Nxe5 dxe5 29. d6 Rd8 30. Qc3 exd6 31. Qc6+ Qxc6 32. Bxc6+ Ke7 33. Kc2 d5 34. b5
d4 35. Ra1 Rb8 36. Ra7+ Kf6 37. Rfa1 Rhc8 38. Kd2 Ne6 39. R1a6 Kg7 40. Ra8 Nc7
41. Rxb8 Rxb8 42. Ra5 Rb6 43. Kd3 Kf6 44. b4 Ke6 45. Ke4 Kf6 46. Kd3 Ke6 47. Kc4
Kd6 48. Ra7 Rb8 49. Ra3 f6 50. Ra7 Rb6 51. Rb7 Rxb7 52. Bxb7 d3 53. Be4 d2 54.
Bc2 Na8 55. Kd3 Kd5 56. Kxd2 Kd4 57. Be4 Nb6 58. Kc2 Kc4 59. Bc6 Kxb4 60. Kd3
Kc5 61. Ke4 Kd6 62. Kf5 Ke7 63. Kg6 Ke6 64. Kxh6 f5 65. Kxg5 fxg4 66. fxg4 Nc8 1-0